000 00646nam a22001937a 4500
999 _c182061
_d182061
005 20211021165636.0
010 _aEN230921
020 _c425.00
_a9788193819357
037 _bUniversal press
082 _as
100 _aMaupassant, Guy de
245 _aSelected Stories/
_cGuy de Maupassant ;comp. and edi by Saurabh kaushik
260 _aDelhi
_bUniversal Press
_c2021
270 _bDelhi
_aB-109, 3rd Floor, Preet Vihar
_e110092
_muniversalpressdel@gmail.com
300 _a208p.
_c22cm(Hb)
500 _aCompiler and Editor: Saurabh Kaushik Cover Design By: Surendra Goswami
700 _akaushik, Saurabh
942 _2ddc
_cEN
_hS
_mMAU